000 00668nam a2200157Ia 4500
008 100122s9999 xx 000 0 und d
082 _b67422
_a823
100 _aचेस जेम्स हॅडली
245 _aबॉटल नेक मर्डर अनु- मधुकर हुद्दार
260 _bमंगलदीप प्रकाशन
_c2005
300 _a192
630 _aबॉटल नेक मर्डर अनु- मधुकर हुद्दार
700 _aहुद्दार मधुकर
730 _aबॉटल नेक मर्डर अनु- मधुकर हुद्दार
942 _cBOOK
999 _c439494
_d439491